000 00781cab a2200277 4500
001 WB3215-14
008 090401t1996 xxu||||| |||| 00| 0 eng d
035 _a(Sirsi) u69660
041 _aeng
245 _aBusiness parks
260 _c1996
300 _aLOAN
350 _a0
490 _aFinancial Times
_v12 April 1996, 11-14(2)
520 _aLooks at the location of business parks, planning policy and investment potential.
650 _aARLINGTON SECURITIES
650 _aBUSINESS PARKS
650 _aINVESTMENT MARKET
650 _aPLANNING POLICY
650 _aPLANNING POLICY GUIDANCE NOTE 13
650 _aPLANNING POLICY GUIDANCE NOTE SIX
650 _aSTOCKLEY PARK
690 _aPROPERTY-COMMERCIAL PROPERTY
942 _n0
948 _c04/03/1997
999 _c43767
_d43767